Movies Quiz

Random Movies or Actor Quiz

Santa Claus Actors Quiz Stats

 Plays Quiz not verified by Sporcle

Challenge
Share
Tweet
Embed
Score 0/18 Timer 04:00
0 Plays Today
% Correct
Tim Allen
92.1%
Tom Hanks
76.2%
Billy Bob Thornton
65.9%
Edward Asner
56.3%
Richard Attenborough
50%
Dan Aykroyd
48.4%
Paul Giamatti
45.2%
Jonathan Taylor Thomas
35.7%
Edmund Gwenn
34.9%
% Correct
Mickey Rooney
28.6%
David Huddleston
24.6%
Fred Astaire
22.2%
Richard Griffiths
22.2%
George Wendt
21.4%
John Goodman
19.8%
Leslie Nielsen
17.5%
Art Carney
16.7%
Nigel Hawthorne
15.1%

You're not logged in!

Compare scores with friends on all Sporcle quizzes.
OR
Log In

You Might Also Like...

Show Comments

Extras

Top Quizzes Today


Score Distribution

Your Account Isn't Verified!

In order to create a playlist on Sporcle, you need to verify the email address you used during registration. Go to your Sporcle Settings to finish the process.

Report this User

Report this user for behavior that violates our Community Guidelines.

Details: